[Event "Titled Tue 24th Jun Early"]
[Site "chess.com INT"]
[Date "2025.06.24"]
[Round "7"]
[White "Sahib, Singh"]
[Black "Smirnov, Alexandr A."]
[Result "1/2-1/2"]
[WhiteTitle "FM"]
[BlackTitle "FM"]
[WhiteElo "2407"]
[BlackElo "2136"]
[WhiteFideId "25618342"]
[BlackFideId "24104396"]
[EventDate "2025.06.24"]

1. e4 d5 2. exd5 Qxd5 3. Nc3 Qd6 4. d4 Nf6 5. g3 Nc6 6. Nge2 e5 7. d5 Nb4 8. Bg2
Bf5 9. O-O Nxc2 10. Rb1 Nb4 11. Ra1 O-O-O 12. Bg5 Be7 13. Qb3 Bc2 14. Qc4 Bd3
15. Qb3 Qa6 16. Bxf6 gxf6 17. a3 Bc2 18. axb4 Bxb3 19. Rxa6 bxa6 20. Ra1 Bc4 21.
b3 Bxe2 22. Nxe2 Bxb4 23. Rxa6 Bc5 24. Rxf6 Rhf8 25. Be4 Rd6 26. Rf5 f6 27. Rh5
Kb7 28. Nc3 Kb6 29. g4 Rd7 30. Bf5 Rg7 31. Kg2 Bd4 32. Ne4 Kb5 33. Kf1 Kb4 34.
Rh3 a5 35. Ke2 Ra8 36. Nxf6 a4 37. bxa4 Rxa4 38. Ne4 Ra2+ 39. Kf1 Ra1+ 40. Kg2
Ra2 41. Rxh7 Rxh7 42. Bxh7 Kc4 43. g5 Kxd5 44. Bg8+ Kxe4 45. Bxa2 Kf5 46. h4 Kg4
47. g6 e4 48. Bb1 Kxh4 49. Bxe4 Kg5 50. f3 c5 51. Kf1 Kf6 52. Ke2 Kg7 53. Kd3
Bg1 54. Kc4 Bd4 55. Kd5 Bg1 56. f4 Bd4 57. Ke6 Bf6 58. f5 Bd4 59. Kd5 Kf6 60.
Kc4 Kg7 61. Kd3 Kf6 62. Ke2 Kg7 63. Kf1 Kf6 64. Ke1 Kg7 65. Kd1 Kf6 66. Kc1 Kg7
67. Kb1 Kf6 68. Ka2 Kg7 69. Ka3 Kf6 70. Ka4 Kg7 71. Ka5 Kf6 72. Ka6 Kg7 73. Kb7
Kf6 74. Kc8 Kg7 75. Kd7 Kf6 76. Ke8 Kg7 77. Kd8 Bf6+ 78. Kd7 Bd4 79. Ke6 Bf6 80.
Bd5 Bd4 81. Bc4 Bf6 82. Kd5 Bd4 83. Kc6 Kf6 84. Kd7 Kg7 85. Kd6 Kf6 86. Be6 Kg7
87. Ke7 Bf6+ 1/2-1/2

[Event "Titled Tue 24th Jun Early"]
[Site "chess.com INT"]
[Date "2025.06.24"]
[Round "7"]
[White "Povshednyi, Ivan"]
[Black "Gajic, Mladen"]
[Result "1/2-1/2"]
[WhiteTitle "FM"]
[BlackTitle "FM"]
[WhiteElo "2309"]
[BlackElo "2246"]
[WhiteFideId "14190907"]
[BlackFideId "1709178"]
[EventDate "2025.06.24"]

1. Nf3 d6 2. d4 Nf6 3. g3 g6 4. Bg2 Bg7 5. O-O O-O 6. Re1 a6 7. e4 Nc6 8. h3 e5
9. d5 Nb8 10. c4 b5 11. Nc3 b4 12. Nb1 c5 13. a3 Qb6 14. axb4 Qxb4 15. Qc2 Nh5
16. Ra4 Qb6 17. b4 cxb4 18. Be3 Qb7 19. c5 dxc5 20. Bxc5 Bd7 21. Rxb4 Qc7 22.
Rc4 Rc8 23. Rc3 a5 24. Bd4 Qd8 25. Rxc8 Bxc8 26. Bxe5 Bf8 27. Nc3 Na6 28. Qd2
Nb4 29. Ra1 Bd7 30. Bd4 a4 31. Ne5 Be8 32. Nc4 Ra6 33. e5 Ng7 34. d6 Ne6 35. Be3
Bg7 36. Ne4 Nc6 37. f4 Qc8 38. Nb6 Qb8 39. d7 Rxb6 40. dxe8=Q+ Qxe8 41. Bxb6 Bf8
42. Rxa4 Kg7 43. Ra1 Bb4 44. Qf2 Qd7 45. Be3 Qd3 46. Rf1 h5 47. Nf6 Ned4 48. Be4
Qc3 49. Bxd4 Nxd4 50. Kg2 Bc5 51. Qa2 Qe3 52. Rf2 Nb3 53. Qe2 Qc3 54. Nxh5+ gxh5
55. Qxh5 Bxf2 56. Qg5+ Kf8 57. Qd8+ Kg7 58. Kxf2 Nd4 59. Qf6+ Kf8 60. Qd6+ Kg8
61. Qd8+ Kg7 62. f5 Qd2+ 63. Kf1 Qe2+ 64. Kg1 Qxe4 65. Qg5+ Kh7 66. Qh5+ Kg8 67.
Qg4+ Qxg4 68. hxg4 Nf3+ 69. Kf2 Nxe5 70. g5 Kg7 71. Ke3 Nc4+ 72. Kf4 Nd2 73. g4
Nf1 74. Kf3 Nd2+ 75. Ke3 Nc4+ 76. Kd4 Nd2 77. Ke5 Nf3+ 78. Kf4 Nh4 79. Kg3 Ng6
80. fxg6 Kxg6 81. Kf4 f6 82. gxf6 Kxf6 83. Kf3 Kg6 84. Kg3 Kg5 85. Kh3 Kg6 86.
Kh4 Kh6 87. g5+ Kg6 88. Kg4 Kg7 89. Kf3 Kg6 90. Kf4 Kg7 91. Kg4 Kg6 92. Kf4 Kg7
93. Kf5 Kf7 94. Kg4 Kg6 95. Kh4 Kg7 96. Kh5 Kh7 97. g6+ Kg7 98. Kg4 Kxg6 1/2-1/2

[Event "Titled Tue 24th Jun Early"]
[Site "chess.com INT"]
[Date "2025.06.24"]
[Round "7"]
[White "Weerasekara, Dishal Nimsara"]
[Black "Ivannikov, Maksim"]
[Result "1-0"]
[WhiteTitle "FM"]
[BlackTitle "CM"]
[WhiteElo "2125"]
[BlackElo "2184"]
[WhiteFideId "9997431"]
[BlackFideId "34275339"]
[EventDate "2025.06.24"]

1. c4 Nf6 2. Nc3 g6 3. g3 Bg7 4. Bg2 O-O 5. Nf3 d6 6. O-O Nc6 7. d4 a6 8. b3 Rb8
9. Bb2 b5 10. cxb5 axb5 11. e3 Bd7 12. Qe2 Na5 13. Rfc1 b4 14. Nb1 Bb5 15. Qe1
Ba6 16. Nbd2 Rc8 17. Nc4 Nxc4 18. bxc4 c5 19. d5 Nh5 20. Bxg7 Nxg7 21. Nd2 Bb7
22. a3 bxa3 23. Rxa3 Ra8 24. Rb3 Qd7 25. Rcb1 Ra7 26. Qc1 Rfa8 27. Qb2 Bc8 28.
Rb8 Ne8 29. Rxa8 Rxa8 30. Ra1 Qb7 31. Qxb7 Rxa1+ 32. Qb1 Rxb1+ 33. Nxb1 Ba6 34.
Na3 Nf6 35. Kf1 Nd7 36. Ke1 Ne5 37. Bf1 Nf3+ 38. Kd1 Nxh2 39. Be2 Bc8 40. f3 g5
41. g4 f5 42. gxf5 Bxf5 43. e4 Bd7 44. Nc2 h5 45. Ke1 g4 46. f4 g3 47. Bxh5 Ba4
48. Ne3 Kg7 49. e5 Kh6 50. Be2 Kh7 51. Bd3+ Kh8 52. Be4 dxe5 53. fxe5 Bd7 54. e6
Be8 55. Nf5 Bg6 56. d6 exd6 57. e7 Kg8 58. Bd5+ Kh7 59. Nxd6 Ng4 60. e8=Q Bxe8
61. Nxe8 Ne3 62. Be4+ Kg8 63. Nd6 Kf8 64. Ke2 Ke7 65. Kxe3 Kxd6 66. Bd5 Ke5 67.
Kf3 g2 68. Kxg2 Kf4 69. Kh3 Ke5 70. Kg4 Kd4 71. Kf5 Kc3 72. Ke6 Kb3 73. Kd6 Kb4
74. Kc6 Ka5 75. Kxc5 Ka6 76. Kd6 Ka7 77. c5 Kb8 78. Kd7 Ka7 79. c6 Kb8 80. c7+
Ka7 81. c8=Q Kb6 82. Qc6+ Ka5 83. Qb7 Ka4 84. Bc4 Ka5 85. Qb5# 1-0

[Event "Titled Tue 24th Jun Early"]
[Site "chess.com INT"]
[Date "2025.06.24"]
[Round "7"]
[White "Boci, Mateu"]
[Black "Vignesh, N R"]
[Result "0-1"]
[WhiteTitle "FM"]
[BlackTitle "GM"]
[WhiteElo "2274"]
[BlackElo "2531"]
[WhiteFideId "4704665"]
[BlackFideId "25012215"]
[EventDate "2025.06.24"]

1. e4 c6 2. d4 d5 3. Nc3 dxe4 4. Nxe4 Nf6 5. Nxf6+ exf6 6. c3 Bd6 7. Bd3 O-O 8.
Qc2 Re8+ 9. Ne2 f5 10. Bxf5 Bxf5 11. Qxf5 Nd7 12. Be3 Nf6 13. O-O Nd5 14. c4 g6
15. Qf3 Nxe3 16. fxe3 Qe7 17. e4 c5 18. Nc3 cxd4 19. Nd5 Qe5 20. Nf6+ Kh8 21.
Qh3 h5 22. Nxe8 Rxe8 23. Rxf7 Qxe4 24. Qd7 Qe3+ 25. Kh1 Qe1+ 26. Rf1 Qe5 27. Qh3
Kg7 28. Rad1 b6 29. a3 a5 30. b4 axb4 31. axb4 Bxb4 32. Qd7+ Re7 33. Qxd4 Qxd4
34. Rxd4 Bc5 35. Rd5 Re2 36. g3 Rc2 37. Rd7+ Kh6 38. Rff7 Kg5 39. Rf4 Rc1+ 40.
Kg2 Rc2+ 41. Kh3 Bg1 42. Rd5+ Kh6 43. g4 Rxh2+ 44. Kg3 h4+ 45. Kf3 Rf2+ 46. Ke4
Re2+ 47. Kd3 Re3+ 48. Kd2 Rg3 49. Ke2 h3 50. g5+ Kh5 51. Rf8 h2 52. Rh8+ Kg4 53.
Kf1 Rf3+ 54. Kg2 Rf2+ 55. Kh1 Rc2 56. Rd6 Rc1 57. Kg2 Rc2+ 58. Kh1 Rc1 59. Kg2
Kxg5 60. Rd5+ Kg4 61. Rd6 g5 62. Rd5 Rc2+ 63. Kh1 Rxc4 64. Rd3 Rc1 65. Kg2 Rc2+
66. Kh1 b5 67. Rhh3 b4 68. Rhg3+ Kf5 69. Rgf3+ Kg6 70. Rd6+ Kh5 71. Rh3+ Kg4 72.
Rdd3 Bf2 73. Kxh2 Bg3+ 74. Kg1 Kxh3 75. Rd1 b3 76. Kh1 Rh2+ 77. Kg1 Bf2+ 78. Kf1
Rh1+ 79. Ke2 Rxd1 80. Kf3 g4+ 81. Kf4 g3 82. Ke4 g2 83. Kf3 Ba7 84. Ke2 Rf1 85.
Kd2 Bb8 86. Kc3 b2 87. Kxb2 Rf2+ 88. Kb3 Rf4 89. Kc3 g1=Q 90. Kd3 Qg3+ 91. Ke2
Rf2+ 92. Kd1 Qg1# 0-1

[Event "Titled Tue 24th Jun Early"]
[Site "chess.com INT"]
[Date "2025.06.24"]
[Round "7"]
[White "Lohia, Sohum"]
[Black "Gunawardhana, Devindya Oshini"]
[Result "1-0"]
[WhiteTitle "FM"]
[BlackTitle "WIM"]
[WhiteElo "2364"]
[BlackElo "2121"]
[WhiteFideId "5819369"]
[BlackFideId "29941482"]
[EventDate "2025.06.24"]

1. e4 e5 2. Nf3 Nc6 3. Bb5 a6 4. Ba4 Nf6 5. O-O b5 6. Bb3 Bb7 7. c3 Be7 8. d4 d6
9. Nbd2 h6 10. Re1 O-O 11. Nf1 Re8 12. Ng3 Bf8 13. h3 g6 14. Bd2 Bg7 15. dxe5
Nxe5 16. Nxe5 dxe5 17. Qc2 Qe7 18. a4 c5 19. Qc1 c4 20. Bc2 Kh7 21. Be3 Nd7 22.
Qd2 Red8 23. Qe2 Nc5 24. axb5 axb5 25. Red1 Bc6 26. f3 Ne6 27. Nf1 Bf6 28. Bb6
Rdb8 29. Be3 Bg5 30. Bxg5 Qxg5 31. Ne3 Nf4 32. Qf1 Nxh3+ 33. Kh2 Qxe3 34. Kxh3
Rxa1 35. Rxa1 Qf4 36. Rd1 Rb7 37. g3 Qf6 38. Kg2 Qe6 39. Qf2 Rd7 40. Rd2 Rd6 41.
Qe3 Bd7 42. Rxd6 Qxd6 43. Kf2 b4 44. cxb4 Qxb4 45. Qc3 Qb6+ 46. Kg2 Be6 47. Ba4
Qd6 48. Bc2 h5 49. Kf2 Qc5+ 50. Kg2 h4 51. gxh4 Kg7 52. Bd1 Kh7 53. Be2 Qe7 54.
Kg3 Qf6 55. Bxc4 Qf4+ 56. Kg2 Bxc4 57. Qxc4 Qd2+ 58. Kg3 Qf4+ 59. Kg2 Qd2+ 60.
Kf1 Qd1+ 61. Kf2 Qd2+ 62. Qe2 Qf4 63. b4 Qxh4+ 64. Ke3 Qg5+ 65. Kd3 Qd8+ 66. Kc3
Qd4+ 67. Kb3 f5 68. b5 Kg7 69. Qc4 Qe3+ 70. Kb4 Qxf3 71. b6 Qe3 72. b7 Qb6+ 73.
Qb5 Qd6+ 74. Ka5 Qc7+ 75. Ka6 Qb8 76. Qc6 Kh6 77. Qc8 Qd6+ 78. Ka7 Qa3+ 79. Kb8
f4 80. Qh8+ Kg5 81. Qxe5+ Kg4 82. Kc8 Qf8+ 83. Kc7 Qf7+ 84. Kc6 Qc4+ 85. Qc5
Qxe4+ 86. Kc7 Qxb7+ 87. Kxb7 g5 88. Kc6 f3 89. Qf2 Kf4 90. Kd5 g4 91. Kd4 g3 92.
Qe3+ Kg4 93. Qe4+ Kh3 94. Qxf3 Kh2 95. Ke3 g2 96. Qh5+ Kg1 97. Kf3 Kf1 98. Qb5+
Kg1 99. Qe2 Kh1 100. Qxg2# 1-0

[Event "Titled Tue 24th Jun Early"]
[Site "chess.com INT"]
[Date "2025.06.24"]
[Round "7"]
[White "Barseghyan, Armen Ar."]
[Black "Ilinca, Felix-Antonio"]
[Result "1/2-1/2"]
[WhiteTitle "IM"]
[BlackTitle "IM"]
[WhiteElo "2348"]
[BlackElo "2431"]
[WhiteFideId "13306707"]
[BlackFideId "54764998"]
[EventDate "2025.06.24"]

1. Nf3 Nf6 2. d4 b6 3. g3 Bb7 4. Bg2 g6 5. O-O Bg7 6. c4 O-O 7. Nc3 Ne4 8. Bd2
Nxd2 9. Qxd2 d6 10. e4 Nd7 11. Rfe1 e5 12. d5 h6 13. b4 a5 14. a3 Kh7 15. Rec1
f5 16. Ne1 f4 17. f3 fxg3 18. hxg3 h5 19. Rd1 Bh6 20. Qf2 Nf6 21. Nc2 h4 22.
gxh4 Nh5 23. Bh3 Bc8 24. Bxc8 Qxc8 25. Ne2 Qh3 26. Rd3 Nf4 27. Nxf4 Bxf4 28. c5
Kg7 29. cxb6 cxb6 30. bxa5 Rxa5 31. Rc3 Rh8 32. Rc7+ Kf6 33. Rc6 Rxh4 34. Qg2
Qd7 35. Rb1 Rh2 36. Qg4 Qxg4+ 37. fxg4 Ra4 38. Rf1 Rh4 39. Rxd6+ Kg5 40. Re1
Rxg4+ 41. Kf1 Rh4 42. Re2 Rc4 43. Rc6 Ra4 44. Rg2+ Kh5 45. d6 Rxe4 46. Rc8 Rh1+
47. Kf2 Rd1 48. Kf3 Ra4 49. Rh8+ Bh6 50. Rh2+ Kg5 51. R8xh6 Rxd6 52. Rh8 e4+ 53.
Ke2 Rc6 54. Rg2+ Kf6 55. Kd2 Rd6+ 56. Ke1 Rd3 57. Re8 e3 58. Rxe3 Rxe3+ 59. Nxe3
Rxa3 60. Nd5+ Kg7 61. Rb2 Ra1+ 62. Kf2 Ra4 63. Rxb6 Rd4 64. Ne3 Rf4+ 65. Kg3 Rf6
66. Rb7+ Rf7 67. Rb5 Rf6 68. Ng4 Rf7 69. Rb6 Re7 70. Kf4 Rf7+ 71. Kg5 Rf5+ 72.
Kh4 Rf7 73. Kg3 Re7 74. Rd6 Rf7 75. Ne5 Rf6 76. Rd7+ Kg8 77. Kg4 Re6 78. Nf3 Ra6
79. Kg5 Kf8 80. Ne5 Ke8 81. Rb7 Re6 82. Nxg6 Kd8 83. Kf5 Re1 84. Ne5 Kc8 85. Rh7
Rd1 86. Ke6 Kb8 87. Nc6+ Kc8 88. Nb4 Re1+ 89. Kd6 Rd1+ 90. Nd5 Kb8 91. Kc6 Rc1+
92. Kb5 Rb1+ 93. Nb4 Kc8 94. Kc5 Rc1+ 95. Kb6 Kd8 96. Nc6+ Ke8 97. Kc7 Rd1 98.
Nb4 Rc1+ 99. Kd6 Rd1+ 100. Nd5 Kf8 101. Ke6 Re1+ 102. Kf5 Rf1+ 103. Nf4 Ke8 104.
Ra7 Re1 105. Nd5 Kd8 106. Rh7 Kc8 107. Nf6 Kb8 108. Ne4 Rd1 109. Ke5 Kc8 110.
Nc5 Kb8 111. Na4 Ka8 112. Nc3 Rd3 113. Nd5 Rd1 114. Kd6 Rc1 115. Ne3 Kb8 116.
Kd5 Ka8 117. Nc4 Kb8 118. Kc5 Kc8 119. Kd5 Kb8 120. Ne3 Ka8 121. Nf5 Kb8 122.
Nd4 Kc8 123. Nc6 Rd1+ 124. Kc5 Rc1+ 125. Kb5 Rb1+ 126. Kc4 Rc1+ 127. Kd5 Rd1+
128. Nd4 Kb8 129. Rg7 Rc1 130. Nb3 Rd1+ 131. Kc6 Rb1 132. Rg8+ 1/2-1/2

[Event "Titled Tue 24th Jun Early"]
[Site "chess.com INT"]
[Date "2025.06.24"]
[Round "8"]
[White "Parkhurst Casas, Andrea Ju"]
[Black "Sobek, Jaroslav"]
[Result "0-1"]
[WhiteTitle "WCM"]
[BlackTitle "FM"]
[WhiteElo "1722"]
[BlackElo "2195"]
[WhiteFideId "5117496"]
[BlackFideId "301388"]
[EventDate "2025.06.24"]

1. d4 d5 2. e3 c5 3. f4 Bf5 4. Nf3 e6 5. c3 Nc6 6. Bd3 Bxd3 7. Qxd3 f5 8. O-O
Nf6 9. Ne5 c4 10. Qd1 Bd6 11. Qh5+ Nxh5 0-1

[Event "Titled Tue 24th Jun Early"]
[Site "chess.com INT"]
[Date "2025.06.24"]
[Round "8"]
[White "Kezin, Roman"]
[Black "Rojas Alarcon, Julian Antonio"]
[Result "1-0"]
[WhiteTitle "IM"]
[BlackTitle "FM"]
[WhiteElo "2471"]
[BlackElo "2365"]
[WhiteFideId "24124621"]
[BlackFideId "5107407"]
[EventDate "2025.06.24"]

1. d4 Nf6 2. c4 e6 3. g3 d5 4. Bg2 dxc4 5. Nf3 c6 6. a4 Bb4+ 7. Bd2 Be7 8. O-O
b5 9. axb5 cxb5 10. Ne5 Nd5 11. Ba5 Qd6 12. Nc3 a6 13. Ne4 Bb7 14. Nxd6+ Bxd6
15. e4 Nb4 16. Nxf7 Kxf7 17. e5 Bxg2 18. Kxg2 Be7 19. Qf3+ Kg6 20. Bxb4 1-0

[Event "Titled Tue 24th Jun Early"]
[Site "chess.com INT"]
[Date "2025.06.24"]
[Round "8"]
[White "Mata Gonzalez, Jose Fernando"]
[Black "Dighton, Simon"]
[Result "1-0"]
[WhiteTitle "CM"]
[BlackTitle "CM"]
[WhiteElo "2164"]
[BlackElo "2237"]
[WhiteFideId "5107423"]
[BlackFideId "408603"]
[EventDate "2025.06.24"]

1. e4 c5 2. d4 cxd4 3. c3 dxc3 4. Nxc3 Nc6 5. Bc4 d6 6. Nf3 a6 7. O-O Bg4 8.
Bxf7+ Kxf7 9. Ng5+ Ke8 10. Qxg4 Nf6 11. Qe6 Qd7 12. Qf7+ Kd8 13. Nd5 Ne5 14.
Ne6+ Kc8 15. Nb6+ Kb8 16. Nxd7+ Ka7 17. Nxe5 dxe5 1-0

[Event "Titled Tue 24th Jun Early"]
[Site "chess.com INT"]
[Date "2025.06.24"]
[Round "8"]
[White "Ben Artzi, Ido"]
[Black "Tikhonov, Viacheslav"]
[Result "0-1"]
[WhiteTitle "IM"]
[BlackTitle "CM"]
[WhiteElo "2339"]
[BlackElo "2183"]
[WhiteFideId "2810913"]
[BlackFideId "44196407"]
[EventDate "2025.06.24"]

1. d4 Nf6 2. c4 g6 3. Nc3 d5 4. Nf3 Bg7 5. cxd5 Nxd5 6. Na4 Bf5 7. Bd2 O-O 8. e3
Nc6 9. a3 e5 10. dxe5 Nxe5 11. Nxe5 Bxe5 12. Be2 Nb6 13. O-O Nxa4 14. Qxa4 Qxd2 0-1

[Event "Titled Tue 24th Jun Early"]
[Site "chess.com INT"]
[Date "2025.06.24"]
[Round "8"]
[White "Samsonkin, Artiom"]
[Black "Zhakshylykov, Erzhan"]
[Result "1-0"]
[WhiteTitle "IM"]
[BlackTitle "IM"]
[WhiteElo "2361"]
[BlackElo "2362"]
[WhiteFideId "13503111"]
[BlackFideId "13804111"]
[EventDate "2025.06.24"]

1. e4 e5 2. Nf3 Nc6 3. d4 exd4 4. Bc4 Bc5 5. Ng5 Nh6 6. Nxf7 Nxf7 7. Bxf7+ Kxf7
8. Qh5+ g6 9. Qxc5 d5 10. O-O dxe4 11. c3 Re8 12. cxd4 Qxd4 13. Qg5 Re5 14. Qf4+
Kg8 15. Nc3 Bd7 16. Rd1 1-0

[Event "Titled Tue 24th Jun Early"]
[Site "chess.com INT"]
[Date "2025.06.24"]
[Round "8"]
[White "Mecit, Emre"]
[Black "Hernandez Jimenez, Alexander Andres"]
[Result "1-0"]
[BlackTitle "FM"]
[WhiteElo "2007"]
[BlackElo "2069"]
[WhiteFideId "6304214"]
[BlackFideId "3900452"]
[EventDate "2025.06.24"]

1. e4 c5 2. Nf3 d6 3. d4 cxd4 4. Nxd4 Nf6 5. Nc3 a6 6. Bg5 e6 7. f4 Be7 8. Qf3
Qc7 9. O-O-O Nbd7 10. Bd3 b5 11. Rhe1 Bb7 12. Qg3 O-O-O 13. e5 dxe5 14. fxe5 Nh5
15. Qh4 Bxg5+ 16. Qxg5 g6 17. Bxb5 axb5 18. Ndxb5 Qc4 19. Nd6+ Kb8 20. Nxc4 1-0

[Event "Titled Tue 24th Jun Early"]
[Site "chess.com INT"]
[Date "2025.06.24"]
[Round "8"]
[White "Hansen, Eric"]
[Black "Hayrapetyan, Edgar"]
[Result "1-0"]
[WhiteTitle "GM"]
[BlackTitle "FM"]
[WhiteElo "2609"]
[BlackElo "2161"]
[WhiteFideId "2606771"]
[BlackFideId "13313568"]
[EventDate "2025.06.24"]

1. e4 e6 2. d4 d5 3. Nc3 Bb4 4. e5 c5 5. a3 Bxc3+ 6. bxc3 Ne7 7. h4 Qc7 8. h5 h6
9. Bd3 Nbc6 10. Nf3 cxd4 11. cxd4 Nxd4 12. Nxd4 Qc3+ 13. Qd2 Qxa1 14. c3 1-0

[Event "Titled Tue 24th Jun Early"]
[Site "chess.com INT"]
[Date "2025.06.24"]
[Round "8"]
[White "Andreikin, Dmitry"]
[Black "Mendonca, Leon Luke"]
[Result "0-1"]
[WhiteTitle "GM"]
[BlackTitle "GM"]
[WhiteElo "2695"]
[BlackElo "2603"]
[WhiteFideId "4158814"]
[BlackFideId "35028561"]
[EventDate "2025.06.24"]

1. e4 c6 2. Nf3 d5 3. Nc3 Bg4 4. h3 Bxf3 5. Qxf3 e6 6. Be2 Nf6 7. O-O Be7 8. d4
dxe4 9. Qe3 Nbd7 10. Rd1 O-O 11. Nxe4 Nxe4 12. Qxe4 Nf6 13. Qf3 Qd5 14. c4 Qa5
15. a3 Rfd8 16. b4 Bxb4 17. Rb1 Bc3 18. Be3 e5 19. dxe5 Bxe5 20. Rxb7 Rxd1+ 21.
Bxd1 Qe1# 0-1

[Event "Titled Tue 24th Jun Early"]
[Site "chess.com INT"]
[Date "2025.06.24"]
[Round "8"]
[White "Pranav K P"]
[Black "Sitnic, Adnan"]
[Result "0-1"]
[WhiteTitle "FM"]
[BlackTitle "CM"]
[WhiteElo "2276"]
[BlackElo "2058"]
[WhiteFideId "25685805"]
[BlackFideId "14403854"]
[EventDate "2025.06.24"]

1. Nc3 f5 2. d4 Nf6 3. Bf4 g6 4. g4 Nxg4 5. f3 Nf6 6. Qd2 d6 7. O-O-O Nc6 8. h4
Bd7 9. e4 fxe4 10. fxe4 e5 11. dxe5 Nxe5 12. Bxe5 dxe5 13. Bc4 Bg4 14. Nge2
Qxd2+ 15. Rxd2 Bh6 16. Rd1 Rd8 17. Nd5 Nxe4 18. Nxc7+ Ke7 19. Nd5+ Rxd5 20. Bxd5
Nxd2 21. Rxd2 Bxe2 0-1

[Event "Titled Tue 24th Jun Early"]
[Site "chess.com INT"]
[Date "2025.06.24"]
[Round "8"]
[White "Klukin, Kirill"]
[Black "Maghsoodloo, Parham"]
[Result "0-1"]
[WhiteTitle "IM"]
[BlackTitle "GM"]
[WhiteElo "2401"]
[BlackElo "2691"]
[WhiteFideId "24199273"]
[BlackFideId "12539929"]
[EventDate "2025.06.24"]

1. Nf3 Nf6 2. d3 d5 3. g3 Bg4 4. Bg2 e6 5. O-O Nbd7 6. b3 h6 7. Bb2 Be7 8. Nbd2
O-O 9. h3 Bh5 10. c4 a5 11. a3 Re8 12. Qc2 Bf8 13. Rfe1 c6 14. e4 dxe4 15. Nxe4
Nxe4 16. dxe4 e5 17. Nh4 Nc5 18. Nf5 Qd3 19. Qxd3 Nxd3 20. Reb1 Bc5 21. g4 Bg6
22. Ne3 Nxb2 23. Rxb2 Bd4 24. Raa2 Bxb2 25. Rxb2 f6 26. c5 Bf7 27. Nf5 Red8 28.
Nd6 b6 29. b4 axb4 30. axb4 bxc5 31. bxc5 Ra5 32. Rb7 Bg6 33. Rc7 Rxc5 34. Nb7
Rc1+ 35. Kh2 Rd2 36. Kg3 Rc3+ 37. f3 Bxe4 38. Rc8+ Kh7 39. Nd8 Bd5 40. h4 e4 0-1

[Event "Titled Tue 24th Jun Early"]
[Site "chess.com INT"]
[Date "2025.06.24"]
[Round "8"]
[White "Linares Orellana, Hector Jose"]
[Black "Brancaleoni, Maurizio"]
[Result "0-1"]
[WhiteTitle "FM"]
[BlackTitle "FM"]
[WhiteElo "2111"]
[BlackElo "2185"]
[WhiteFideId "7304307"]
[BlackFideId "803022"]
[EventDate "2025.06.24"]

1. d4 Nf6 2. c4 b6 3. Nc3 Bb7 4. Nf3 e6 5. g3 Bb4 6. a3 Bxc3+ 7. bxc3 O-O 8. Bg2
Nc6 9. O-O Na5 10. Nd2 Bxg2 11. Kxg2 d5 12. cxd5 exd5 13. Nf3 Ne4 14. Qd3 Re8
15. Bf4 Nc4 16. Ne5 Nxe5 17. Bxe5 f6 18. Bf4 g5 19. Be3 Nd6 20. f4 Nc4 21. Bd2
Qe7 22. Rf2 Qe4+ 23. Kg1 g4 24. f5 Re7 25. a4 Rae8 26. Re1 Qxd3 27. exd3 Rxe1+
28. Bxe1 Rxe1+ 29. Kg2 Ne3# 0-1

[Event "Titled Tue 24th Jun Early"]
[Site "chess.com INT"]
[Date "2025.06.24"]
[Round "8"]
[White "Abramor, Franco"]
[Black "Suvradeepta, Das"]
[Result "1-0"]
[BlackTitle "FM"]
[WhiteElo "2167"]
[BlackElo "2230"]
[WhiteFideId "181633"]
[BlackFideId "5058031"]
[EventDate "2025.06.24"]

1. Nf3 d5 2. b3 f6 3. Bb2 e5 4. d3 Bd6 5. g3 Ne7 6. Bg2 O-O 7. O-O Be6 8. Nbd2
c6 9. e4 Nd7 10. Nh4 d4 11. f4 exf4 12. gxf4 f5 13. exf5 Bxf5 14. Ne4 Bc7 15.
Kh1 Nd5 16. Nxf5 Rxf5 17. Bxd4 Nxf4 18. Qg4 Qf8 19. Bh3 Rf7 20. Ng5 h5 21. Qh4
Ng6 22. Qxh5 1-0

[Event "Titled Tue 24th Jun Early"]
[Site "chess.com INT"]
[Date "2025.06.24"]
[Round "8"]
[White "Ganzhurov, Roman"]
[Black "Beniosev, Daniel"]
[Result "1-0"]
[WhiteTitle "FM"]
[BlackTitle "CM"]
[WhiteElo "2082"]
[BlackElo "1959"]
[WhiteFideId "4179501"]
[BlackFideId "11632674"]
[EventDate "2025.06.24"]

1. d4 Nf6 2. c4 e6 3. Nc3 c5 4. d5 exd5 5. cxd5 d6 6. e4 g6 7. h3 Bg7 8. Nf3 O-O
9. Be3 Ne8 10. Be2 Nd7 11. O-O Rb8 12. a4 b6 13. Bf4 a6 14. Bh2 Qe7 15. Nd2 Nc7
16. f4 b5 17. axb5 Nxb5 18. Qc2 Nd4 19. Qd3 Rxb2 20. Rae1 Re8 21. Bd1 Qd8 22.
Nc4 Rb4 23. Nxd6 Rf8 24. e5 c4 25. Qxd4 1-0

[Event "Titled Tue 24th Jun Early"]
[Site "chess.com INT"]
[Date "2025.06.24"]
[Round "8"]
[White "Pontes, Luiz Felizola Lima"]
[Black "Aadya, Gupta"]
[Result "1-0"]
[BlackTitle "WFM"]
[WhiteElo "2062"]
[BlackElo "1923"]
[WhiteFideId "44709919"]
[BlackFideId "25778293"]
[EventDate "2025.06.24"]

1. e4 e5 2. Nf3 Nc6 3. Bb5 a6 4. Ba4 d6 5. O-O Bd7 6. Re1 Nge7 7. c4 Ng6 8. d4
Be7 9. d5 Nb8 10. Bxd7+ Nxd7 11. Nc3 h6 12. b4 Bg5 13. Be3 Bxe3 14. fxe3 c5 15.
dxc6 Nf6 16. cxb7 Rb8 17. Qa4+ Qd7 18. Qxa6 O-O 19. Red1 Ne8 20. c5 Rxb7 21. c6
Ra7 22. cxd7 Rxa6 23. dxe8=Q Rxe8 24. b5 1-0

[Event "Titled Tue 24th Jun Early"]
[Site "chess.com INT"]
[Date "2025.06.24"]
[Round "8"]
[White "Wahedi, Ahmad Siar"]
[Black "Shuvalov, Evgenij"]
[Result "0-1"]
[WhiteTitle "FM"]
[WhiteElo "2239"]
[BlackElo "1986"]
[WhiteFideId "4651260"]
[BlackFideId "4187237"]
[EventDate "2025.06.24"]

1. e4 e6 2. d3 d5 3. Nd2 c5 4. Ngf3 Nc6 5. g3 Nf6 6. Bg2 Be7 7. O-O O-O 8. Re1
b5 9. Qe2 a5 10. Nf1 a4 11. h4 b4 12. e5 Nd7 13. N1h2 a3 14. b3 Ndxe5 15. Nxe5
Nxe5 16. Qxe5 Bf6 17. Qh5 Bxa1 18. Ng4 Bc3 19. Re3 f5 20. Ne5 Qf6 21. Nf3 h6 22.
Re2 Bd7 23. Ng5 hxg5 24. hxg5 g6 25. Qh4 Qh8 0-1

[Event "Titled Tue 24th Jun Early"]
[Site "chess.com INT"]
[Date "2025.06.24"]
[Round "8"]
[White "Ambartsumova, Karina"]
[Black "Guliev, Gasan"]
[Result "1-0"]
[WhiteTitle "IM"]
[BlackTitle "CM"]
[WhiteElo "2403"]
[BlackElo "2123"]
[WhiteFideId "4166299"]
[BlackFideId "34165638"]
[EventDate "2025.06.24"]

1. Nf3 Nf6 2. c4 e6 3. Nc3 d5 4. e3 c5 5. cxd5 exd5 6. d4 Nc6 7. Be2 Be7 8. O-O
O-O 9. b3 Bg4 10. dxc5 Bxc5 11. Bb2 Re8 12. Rc1 Bd6 13. h3 Bh5 14. Nb5 Bxf3 15.
Bxf3 Be5 16. Bxe5 Nxe5 17. Nc7 Rc8 18. Nxe8 Qxe8 19. Rxc8 Qxc8 20. Bxd5 g6 21.
f4 Ned7 22. e4 Qc5+ 23. Kh1 Nh5 24. Kh2 Qe3 25. Qe1 Qd3 26. Bc4 Qd6 27. e5 Qd4
28. e6 Ndf6 29. exf7+ Kg7 30. Qe5 Qd8 31. Re1 Kh6 32. Qg5+ Kg7 33. Re8 1-0